000 00569nam a2200229Ia 4500
003 OSt
005 20221005130628.0
006 a|||||r|||| 00| 0
007 ta
008 221004b |||||||| |||| 00| 0 kan d
024 _a61474
037 _cTextual
040 _aCRL
_cCRL
_bkan
041 _2kan
_akan
082 _aP:(B28), 33L1
100 _aVenkatesayya Au.
_9638401
245 0 _aSabdavartha niruktha
260 _c1971
650 _aLINGUISTICS
942 _hP:(B28), 33L1
_cTEXL
_2cc
999 _c1057851
_d1057851